000 00246nam a2200109Ia 4500
008 200302s9999 xx 000 0 und d
100 _aEric K Bain
245 _aDisplay Typography
260 _bFocal Press Ltd.,
260 _c1970
300 _a182 P.,
999 _c308
_d308